000 00756nam a22002657a 4500
001 4141
003 FISKH
005 20240611145742.0
008 240611b cb ||||| |||| 00| 0 eng d
020 _a9780590443333
040 _aFISKH
_beng
_cFISKH
_dFISKH
050 _aPZ7.S86037
082 _a813.54
100 _aStine .L .R
_d1943-
245 _aThe girlfriend /
_cR. L. Stine
260 _aNew York :
_bScholastic,
_c1991
300 _a165 pages :
_c18 cm
505 _aM
520 _aR.L. Stine's teen horror classic . . . in a striking new package His girlfriend's back . . . from the grave.
521 8 _a640
_bLexile
521 8 _aM
_bRaz-Plus
700 _aR. L. Stine
942 _2ddc
_cBK
_n0
999 _c4141
_d4141